El libro del saladino (Registro nro. 48903)

Detalles MARC
000 -ENCABEZADO
Número de control [NR] 01076nam a2200289Ia 4500
005 - FECHA Y HORA DE LA ÚLTIMA TRANSACCIÓN
control field 20211111074203.0
008 - DE LONGITUD FIJA DE DATOS DE ELEMENTOS - INFORMACIÓN GENERAL
Elementos de longitud fija [NR] 130821s2002 sp fr 1 f spa d
020 ## - NUMERO INTERNACIONAL NORMALIZADO PARA LIBROS [R]
Número Internacional Normalizado del libro [NR] 8422688085
040 ## - FUENTE DE CATALOGACION [NR]
Agencia de catalogación original [NR] Co-BoUCM
Idioma de catalogación [NR] spa
Quien Cataloga Saul Niño
Quien Clasifica Saul Niño
041 10 - CODIGO DE IDIOMA [R]
Código de idioma para texto/pista de sonido o título separado [R] Español
100 1# - ASIENTO PRINCIPAL--NOMBRE PERSONAL [NR]
Nombre personal [NR] Alí, Tariq
ID Autoridad 84272
245 13 - MENCION DE TITULO [NR]
Título [NR] El libro del saladino
Mención de responsabilidad, etc. [NR] Tariq Alí ; traducción de Anna Herrera ; prólogo de Dolors Bramon
260 ## - PUBLICACION, DISTRIBUCION, ETC. (PIE DE IMPRENTA) [R]
Lugar de publicación, distribución, etc. [R] Barcelona (España)
Nombre del editor, distribuidor, etc. [R] Círculo de Lectores
Fecha de publicación, distribución, etc. [R] 2002
300 ## - DESCRIPCION FISICA [R]
Extensión [R] 414 páginas
500 ## - NOTA GENERAL [R]
Nota general [NR] Inclye índice
600 1# - ASIENTO SECUNDARIO DE MATERIA - NOMBRE PERSONAL [R]
Nombre personal [NR] Saladino, Sultán de Egipto y Siria
Fechas asociadas con el nombre [NR] 1137-1193
Subdivisión de forma [R] Biografías
9 (RLIN) 84273
600 1# - ASIENTO SECUNDARIO DE MATERIA - NOMBRE PERSONAL [R]
Nombre personal [NR] Saladino, Sultán de Egipto y Siria
Fechas asociadas con el nombre [NR] 1137-1193
Subdivisión de forma [R] Novela
9 (RLIN) 84274
650 #7 - ASIENTO SECUNDARIO DE MATERIA - TERMINO TEMATICO [R]
Término temático o nombre geográfico como elemento de entrada [NR] Cristianismo
Subdivisión general [R] Historia
9 (RLIN) 56079
650 #7 - ASIENTO SECUNDARIO DE MATERIA - TERMINO TEMATICO [R]
9 (RLIN) 23780
Término temático o nombre geográfico como elemento de entrada [NR] Reyes y soberanos
Subdivisión de forma [R] Novela
651 ## - ASIENTO SECUNDARIO DE MATERIA - NOMBRE GEOGRAFICO [R]
Nombre geográfico [NR] Egipto
Subdivisión general [R] Historia
Subdivisión de forma [R] Novela
9 (RLIN) 84275
651 ## - ASIENTO SECUNDARIO DE MATERIA - NOMBRE GEOGRAFICO [R]
Nombre geográfico [NR] Siria
Subdivisión general [R] Historia
Subdivisión de forma [R] Novela
9 (RLIN) 84276
651 ## - ASIENTO SECUNDARIO DE MATERIA - NOMBRE GEOGRAFICO [R]
Nombre geográfico [NR] Jerusalem
Subdivisión general [R] Historia
Subdivisión de forma [R] Novela
9 (RLIN) 84277
690 #0 - ASUNTO AGREGADO LOCAL DE ENTRADA - TÉRMINO TEMÁTICO (OCLC, RLIN)
Acceso temático local Literatura
9 (RLIN) 18599
765 ## - ASIENTO DE IDIOMA ORIGINAL [R]
Título [NR] The book of saladin
942 ## - ELEMENTOS DE ENTRADA AGREGADOS (KOHA)
Tipo de ítem principal el descrito en 300a Libro
Tema principal Literatura
Edición 1
Sistema de clasificación DEWEY
Clasificación 823.914
Parte restante de la signatura top. A398l
Existencias
Fecha de último préstamo Total préstamos Signatura topográfica Código de barras Última vez visto Ejemplar Price effective from Tipo de ítem Perdido Sistema de clasificación Dañado No prestable Tipo de ítem específico Suprimido Ubicación habitual Ubicación actual Localización Fecha de creación Forma de adquisición Costo
25/07/2019 2 823.914 A398l 100077433 09/12/2025 Ej.1 03/02/2013 Libro   DEWEY     Libro   Claustro Claustro 2do piso 28/02/2006 Donación 26000.00